Návrh opatrení na zlepšenie systému motivácie vybraných kategórií zamestnancov v priemyselnom podniku

Saved in:
Bibliographic Details
Main Author: Turská, Adriana (Author)
Other Authors: Koltnerová, Kristína (Thesis advisor)
Format: Manuscript Book
Language:Slovak
Published: 2017
Subjects:
Online Access:http://is.stuba.sk/zp/portal_zp.pl?podrobnosti=115073
Tags: Add Tag
No Tags, Be the first to tag this record!

MARC

LEADER 00000ntm a22000003a 4500
001 stuzp62496
003 SK-STU
005 20170624211607.7
007 ta
008 150427s2015----xo-----f-mn---000-0-slo-d
040 |a STU  |b slo 
041 0 |a slo 
100 1 |a Turská, Adriana  |u 064000  |4 aut  |U MTF Materiálovotechnologická fakulta  |T MTF Ústav priemyselného inžinierstva a manažmentu  |X 73417  |U M4000  |Y 84  |7 73417 
242 0 1 |a Motivation system improvement proposal for selected employee categories for industrial  |y eng 
245 1 0 |a Návrh opatrení na zlepšenie systému motivácie vybraných kategórií zamestnancov v priemyselnom podniku 
260 |c 2017 
650 4 |a vedenie ľudí  |2 slo 
650 4 |a motivácia  |2 slo 
650 4 |a výrobní zamestnanci  |2 slo 
650 4 |a motivation  |2 eng 
650 4 |a manufacturing emplyees  |2 eng 
650 4 |a leadership  |2 eng 
700 1 |a Koltnerová, Kristína  |u 064000  |k Z1  |4 ths  |U MTF Materiálovotechnologická fakulta  |T MTF Ústav priemyselného inžinierstva a manažmentu  |X 32947  |U M4000  |Y 84  |7 A000032947 
856 4 |u http://is.stuba.sk/zp/portal_zp.pl?podrobnosti=115073 
996 |c M* BP-7993  |l MMSKP  |s P  |a 0  |w stuzp62496_0001